01236nam a22002897a 4500003000400000005001700004008004100021040002200062082001800084100002500102245003000127260006000157300002100217366000800238490003200246505010000278505017900378505001200557650005500569650004700624650004800671650004300719650004500762650005600807650004700863700003600910OSt20230616075348.0221006b |||||||| |||| 00| 0 eng d cBiblioteca Lado V a709.05bG851a aGriffin, Timeeditor aArtforum/bInternacional/ aNew Yorkc1994bNew York editorial and business offices c26.5x27cma228p. espa aSeptiembrev1994x0864-1315 tCOLUMNSaMuseum Piece All Around Esthetes Press Music Books Weather Report Real Life Rock tFeaturesaCy Was Here Ilya Kabakov The Kings and I Fine young Cannibal: Fabian Marcaccio Visible Means of support Irreplaceable Hue Letter from Madrid Louise Bourgeois tReviews 2Tesauro de Arte & ArquitecturaaARTE COMTEMPORANEO 2Tesauro de Arte & ArquitecturaaFOTOGRAFIA 2Tesauro de Arte & ArquitecturaaARTE VISUAL 2Tesauro de Arte & ArquitecturaaLIBROS 2Tesauro de Arte & ArquitecturaaNOTICIAS 2 Tesauro de Arte & ArquitecturaaARTE INTERNACIONAL 2 Tesauro de Arte & ArquitecturaaESCULTURA aNavarreta, Jose Antonioeeditor